| 000 | 00439nam a22001337a 4500 | ||
|---|---|---|---|
| 082 |
_a297.63 _bFAZ _cD |
||
| 100 |
_aImam Rabbani Hazrat Shaikh ul Hadees Muhammad Zakria _946968 |
||
| 245 |
_aفضائل درود شریف _cImam Rabbani Hazrat Shaikh ul Hadees Muhammad Zakria |
||
| 260 |
_aRawalpindi Pakistan _bMaktaba Aljehad |
||
| 300 | _a210 P, : | ||
| 526 |
_a0 _b0 _c0 _d297_630000000000000_FAZ |
||
| 650 |
_aMCE _9379 |
||
| 942 |
_2ddc _cBK |
||
| 999 |
_c550273 _d550273 |
||